Państwa według fragmentu opisu z Wikipedii - Statystyki

Ogólne statystyki
  • Ten quiz został rozwiązany 28 razy
  • Średni wynik to 8 z 15
Statystyki odpowiedzi
Opis Państwo % Poprawnych
Podobnie jak jego północny sąsiad, Estonia, od wczesnego średniowiecza, aż do początków XX wieku, a więc przez wieleset lat, znajdowało się pod bardzo silnym wpływem kultury niemieckiej. Łotwa
95%
Sąsiadują z Francją – 488 km granicy, Szwajcarią – 740 km, Austrią – 430 km i Słowenią – 232 km. Wewnątrz terytorium znajdują się ponadto dwa państwa enklawy: San Marino (39 km granicy) i Watykan (3,2 km). Włochy
95%
Zajmuje północno-wschodnią część Wyżyny Armeńskiej. Około 90% kraju leży na wysokości ponad 1000 m n.p.m., największym wzniesieniem jest wygasły wulkan Aragac (4090 m n.p.m.). Armenia
91%
Włosi przeprowadzili masakrę w Addis Abebie, w której śmierć poniosło do 30 tysięcy mieszkańców. Milicja wkroczyła następnie do klasztoru Debru Libanos, gdzie zabiła około 300 mnichów i mniszek. Etiopia
82%
W 1821 kolejny prezydent tego państwa, James Monroe, doprowadził do uzyskania hiszpańskiej Florydy, co było kolejnym krokiem w umacnianiu pozycji państwa jako najsilniejszego gracza na kontynencie. Stany Zjednoczone
77%
17 września 1939 zaatakowana została również przez Armię Czerwoną, której natarcie było skutkiem tajnego porozumienia pomiędzy III Rzeszą a ZSRR. Polska
73%
Zajmuje jedno z najwyższych miejsc w rankingach wskaźnika rozwoju społecznego, PKB per capita i jakości życia pośród krajów Ameryki Łacińskiej. Argentyna
64%
powierzchnia całkowita: 283 560 km² (wraz z wyspami Galapagos) Ekwador
64%
Wyspa była w okresie prekolumbijskim zamieszkiwana przez Arawaków. W listopadzie 1493 roku odkrył ją dla Europy Krzysztof Kolumb. Dominika
59%
W 1804 r. formalnie stały się częścią Cesarstwa Austriackiego i później Austro-Węgier. Czechy
55%
Po 5 latach u władzy, prezydenta Bakijewa wraz z rządem Danijara Üsönowa obaliła krwawa rewolucja w kwietniu 2010 roku. Na czele państwa stanęła dyplomatka, była minister spraw zagranicznych oraz ambasador Roza Otunbajewa. Kirgistan
27%
Od końca XVII wieku do 1899 jako część Karolinów stanowiły posiadłość hiszpańską, a następnie zostały sprzedane Niemcom, które rozpoczęły na wyspach wydobycie boksytów (rudy aluminium) i innych Palau
18%
Kraj zamieszkany jest przez rdzenne i napływowe ludy afrykańskie, głównie z grupy Bantu, m.in. Bemba (21,0% w 2010 r.), Tonga (13,6%) i Chewa (7,4%); marginalny odsetek ludności pochodzenia europejskiego i azjatyckiego[3]. Zambia
14%
Pierwszym prezydentem republiki został Hubert Maga. W 1963 roku wojsko obaliło go w wyniku puczu. Benin
9%
Największym pod względem liczby ludności miastem jest Nasinu. Fidżi
9%
Nie znaleziono quizów pasujących do podanych kryteriów
Rozkład punktacji
Procent ludzi z każdym wynikiem
Percentyl według liczby udzielonych odpowiedzi
Twoja historia wyników
Nie rozwiązałeś tego quizu